000 00297nam a2200109Ia 4500
008 200302s9999 xx 000 0 und d
100 _aP. C. Varghese
245 _aLimit State Design of Reinforced Concrete 2nd ed.
260 _bPrentice Hall International Ltd.
260 _c2002
300 _a545 P.,
999 _c1885
_d1885